00357nam a2200145Ia 4500003000400000005001700004008004000021040000700061041001200068082001600080100002500096245005100121260003100172300000800203OSt20250206131457.0210210b1969 xxu||||| |||| 00| 0 eng d cAL aKannada aK894.3 VANB aVANI.dವಾಣಿ  aBaleya Neralubಬಾಳೆಯ ನೆರಳು aMaisurubD V K Murtic1969 a199